000 00804nam a22001697a 4500
999 _c63314
_d63314
005 20250811130722.0
008 250811c2021 ge ||||| |||| 00| 0 geo d
022 _a25875337
041 _ageo
245 _aსაკონსტიტუციო სამართლის ჟურნალი :
_bსპეც. გამოშვება. საქართველოს დემოკრატიული რესპუბლიკის 1921 წლის კონსტიტუცია /
_cმთავ. რედ. მ.ტურავა.
260 _aბათუმი,
_c
300 _aV.
653 _aსამართალი
653 _aკონსტიტუცია
700 _aტურავა, მ.
_eმთ. რედაქტორი
_925749
942 _2udc
_cCR